000 00706cab a2200241 4500
001 ABS57207
008 090401t1997 xxu||||| |||| 00| 0 eng d
035 _a(Sirsi) u79346
041 _aeng
100 _aTolson, S.
245 _aNuisance and the builder
260 _c1997
350 _a0
490 _aBuilding
_v262(7996) 27 June 1997, 29(1)
520 _aExplains how the law of nuisance, which outlaws interference with the enjoyment of property, deals with the problems of construction work.
650 _aCONSTRUCTION WORK
650 _aNUISANCE
650 _aQUIET ENJOYMENT
650 _aSPICER V SMEE
690 _aPROPERTY LAW AND PRACTICE
942 _n0
948 _c01/07/1997
999 _c49871
_d49871